Score 0/16 Timer 02:00
0 Plays Today
4-Letter Word % Correct
SAKE
97.2%
BORN
92.8%
SALE
91.6%
CORN
91.1%
LATE
84.5%
CATE
83.9%
▪LAKE▪
78%
COIN
75.3%
4-Letter Word % Correct
▪SALT▪
73.7%
GOWN
73.2%
▪CITY▪
73%
CITE
69.4%
GOIN'
69%
BERN
66.8%
▪TOWN▪
55.4%
▪BEAN▪
37%

Today's Daily Dose

Word Ladder
Silence

Get the Picture
Philly Team Facts

You're not logged in!

Compare scores with friends on all Sporcle quizzes.
OR
Log In

Sporcle TV

Today on Sporcle TV


Watch our educational content, quiz creation guides, and fun videos on Sporcle TV.

Show Comments

Extras

Top Quizzes Today


Score Distribution

Your Account Isn't Verified!

In order to create a playlist on Sporcle, you need to verify the email address you used during registration. Go to your Sporcle Settings to finish the process.

Report this User

Report this user for behavior that violates our Community Guidelines.

Details: